000 01088cam a2200205 4500
001 ABS66848
008 030701n2003 000 0 eng u
035 _a(Sirsi) u122843
100 _aDurham, M.
245 2 _aA home of their own
260 _c2003
490 _aCountryside Voice
_vSummer 2003, 24-7(4)
520 _aExamines how good house planning can enhance and benefit rural communities, discussing the role played by Rural Housing Enablers. Describes the need for affordable housing in rural areas where locals are being forced out by high house prices which in turn destroys the local economy and rural infrastructure. Looks at case studies in Kent, Gloucestershire and Nottinghamshire. Concludes with a look at the balance between providing affordable homes and the use of green belt; the CPRE advocates building where possible on brownfield sites and only as required rather than just building homes for the private market.
590 _aABS
650 _aRURAL COMMUNITIES
650 _aRURAL ECONOMY
650 _aVILLAGES
690 _aRural
_96268
942 _n0
999 _c72968
_d72968